Cuerpo en armonía: leyes naturales del movimiento

Salvato in:
Dettagli Bibliografici
Autore principale: Benito Vallejo, joaquín (Autore)
Natura: Libro
Lingua:spagnolo
Pubblicazione: Barcelona INDE 2001
Edizione:1a. ed
Soggetti:
Tags: Aggiungi Tag
Nessun Tag, puoi essere il primo ad aggiungerne!!

MARC

LEADER 00000nam a2200000 a 4500
001 UCK4226
003 CL-VaPUC
008 050527e20010000SP |||||||||||||||||spa|d
020 |a 8495114992 
082 0 4 |a 613.71  |b BEN  |2 21 
100 0 |a Benito Vallejo, joaquín  |e author  |9 492698 
245 1 0 |a Cuerpo en armonía: leyes naturales del movimiento 
250 |a 1a. ed 
300 |a 286 p 
942 |c BK 
945 |d 20050527 00:00:00  |a cmena 
260 |a Barcelona  |b INDE  |c 2001 
650 0 |a Fisiología humana   |9 269557 
650 7 |a POSTURA CORPORAL  |2 CL-VaPUC  |9 307409 
650 7 |a TERAPIA DEL MOVIMIENTO  |2 CL-VaPUC  |9 492699 
650 7 |a ESTUDIO DE LOS MOVIMIENTOS CORPORALES  |2 CL-VaPUC  |9 492700 
650 0 |a Ejercicios físicos  |9 307296 
583 |a last modification  |c 20050527 00:00:00  |k Rodrigo Vera 
999 |c 313165  |d 313163 
952 |0 0  |1 0  |4 0  |6 613_710000000000000_BEN_2001  |7 0  |8 A  |9 384267  |a BIBEDU  |b BIBEDU  |d 2019-11-22  |i 4131088  |l 1  |o 613.71 BEN 2001  |p 4131088  |r 2022-04-07  |s 2022-03-31  |w 2019-11-22  |y BK  |k EFI